[Event "15th EUR-ch (w)"]
[Site "Plovdiv BUL"]
[Date "2014.07.11"]
[Round "6.11"]
[White "Mkrtchian, Lilit"]
[Black "Szczepkowska-Horowska, Karina"]
[Result "1/2-1/2"]
[WhiteElo "2446"]
[BlackElo "2369"]
[EventDate "2014.07.06"]
[PlyCount "133"]

1.c4 c5 2.Nf3 Nc6 3.Nc3 e5 4.g3 g6 5.Bg2 Bg7 6.O-O Nge7 7.a3 d6 8.b4 e4 9.
Ne1 f5 10.Rb1 O-O 11.Bb2 Be6 12.d3 cxb4 13.axb4 exd3 14.exd3 d5 15.b5 Nd4 
16.Ne2 Nxe2+ 17.Qxe2 Bf7 18.Bxg7 Kxg7 19.Qe5+ Kg8 20.c5 Re8 21.Qf6 Nc6 22.
Qxd8 Nxd8 23.Nf3 Ne6 24.d4 Red8 25.Rb4 b6 26.c6 Nc7 27.Ra1 Be8 28.Ne5 f4 
29.Bf1 Rd6 30.gxf4 Rf6 31.Rba4 a5 32.bxa6 Bxc6 33.Nxc6 Rxc6 34.a7 Ne6 35.
f5 Nf4 36.fxg6 Rxg6+ 37.Kh1 Kg7 38.R4a3 Rc6 39.Bb5 Rc7 40.Rg1+ Ng6 41.Rga1
Nf4 42.Bf1 Rc2 43.R3a2 Rc7 44.Ra6 Re7 45.h3 Rf7 46.R1a2 h5 47.h4 Kf6 48.
Rxb6+ Kf5 49.Rba6 Rb7 50.R6a5 Kg4 51.Bb5 Rc7 52.Ra6 Kxh4 53.Bc6 Raxa7 54.
Rxa7 Rxc6 55.Rg7 Rc4 56.Rd2 Rc3 57.Kh2 Rh3+ 58.Kg1 Ra3 59.Kh2 Rh3+ 60.Kg1 
Ra3 61.Re7 Kg4 62.Re3 Ra1+ 63.Kh2 Rf1 64.Rg3+ Kf5 65.Re3 Kg4 66.Rg3+ Kf5 
67.Re3 1/2-1/2

[Event "15th EUR-ch (w)"]
[Site "Plovdiv BUL"]
[Date "2014.07.11"]
[Round "6.12"]
[White "Kocetkova, Julia"]
[Black "Kashlinskaya, Alina"]
[Result "0-1"]
[WhiteElo "2333"]
[BlackElo "2441"]
[EventDate "2014.07.06"]
[PlyCount "114"]

1.e4 Nf6 2.e5 Nd5 3.d4 d6 4.Nf3 g6 5.Be2 Bg7 6.exd6 cxd6 7.O-O O-O 8.c4 
Nb6 9.Be3 Nc6 10.Nc3 Bg4 11.b3 d5 12.cxd5 Nxd5 13.Nxd5 Qxd5 14.Rc1 Rad8 
15.h3 Bf5 16.Rc5 Qd6 17.Bc4 e6 18.g4 Nxd4 19.Bxd4 Be4 20.Qa1 Bxd4 21.Qxd4 
Bxf3 22.Qxd6 Rxd6 23.Rc7 g5 24.Kh2 Rd4 25.a4 Rfd8 26.Rc5 h6 27.Re5 Kg7 28.
Rfe1 Rf4 29.R5e3 Rd2 30.Kg3 Bc6 31.f3 h5 32.gxh5 Kh6 33.Rc1 Kxh5 34.Bb5 
Bxb5 35.axb5 f5 36.Rc8 Rh4 37.Rh8+ Kg6 38.Rxh4 gxh4+ 39.Kxh4 Rd4+ 40.f4 
Rxf4+ 41.Kg3 Rb4 42.Rxe6+ Kf7 43.Rd6 Rxb3+ 44.Kf4 Rxb5 45.h4 a5 46.h5 a4 
47.Rd4 Ra5 48.Rd7+ Ke6 49.Rxb7 a3 50.Rb6+ Kf7 51.Rb7+ Kg8 52.Rb1 a2 53.Ra1
Kh7 54.Kg5 Kg7 55.h6+ Kh7 56.Kh5 f4+ 57.Kg4 Ra4 0-1

[Event "15th EUR-ch (w)"]
[Site "Plovdiv BUL"]
[Date "2014.07.11"]
[Round "6.13"]
[White "Skripchenko, Almira"]
[Black "Mammadova, Gulnar"]
[Result "1/2-1/2"]
[WhiteElo "2449"]
[BlackElo "2331"]
[EventDate "2014.07.06"]
[PlyCount "84"]

1.e4 e6 2.d4 d5 3.Nd2 Nc6 4.Ngf3 Nf6 5.e5 Nd7 6.Bd3 Nb4 7.Be2 c5 8.c3 Nc6 
9.O-O cxd4 10.cxd4 f6 11.Bb5 fxe5 12.Nxe5 Ndxe5 13.dxe5 Qc7 14.Nb3 a6 15.
Bxc6+ bxc6 16.Be3 Qxe5 17.Bd4 Qf5 18.f4 h5 19.Rc1 Bd7 20.Qd2 Kf7 21.Bc5 
Kg8 22.Rce1 a5 23.Qc3 Rh6 24.Re5 Qf7 25.Rg5 Rg6 26.Rxg6 Qxg6 27.Re1 Qf6 
28.Qd2 a4 29.Bd4 Qf7 30.Nc5 Bd6 31.Nd3 Rf8 32.Be5 Be7 33.Rc1 Qf5 34.Nc5 
Bxc5+ 35.Rxc5 Qb1+ 36.Rc1 Qxa2 37.Qd4 Rf7 38.h3 h4 39.Kh1 a3 40.bxa3 Qxa3 
41.Ra1 Qf8 42.Ra5 Kh7 1/2-1/2

[Event "15th EUR-ch (w)"]
[Site "Plovdiv BUL"]
[Date "2014.07.11"]
[Round "6.14"]
[White "Ozturk, Kubra"]
[Black "Arabidze, Meri"]
[Result "1/2-1/2"]
[WhiteElo "2311"]
[BlackElo "2406"]
[EventDate "2014.07.06"]
[PlyCount "94"]

1.d4 Nf6 2.c4 e6 3.Nf3 b6 4.g3 Bb4+ 5.Bd2 Be7 6.Nc3 Bb7 7.Bg2 c6 8.e4 d5 
9.cxd5 cxd5 10.e5 Ne4 11.O-O O-O 12.h4 Nxd2 13.Qxd2 Nc6 14.Rfe1 Ba6 15.
Rac1 Rc8 16.Bf1 Bxf1 17.Kxf1 Na5 18.Kg2 Rc6 19.Ne2 Nc4 20.Qf4 Qd7 21.b3 
Na5 22.Rxc6 Nxc6 23.Qg4 Bb4 24.Rc1 Ne7 25.Nf4 Nf5 26.Nh5 Kh8 27.Qf4 Ba3 
28.Rd1 f6 29.Qd2 a5 30.g4 Ne7 31.Ng3 Nc6 32.exf6 gxf6 33.g5 Qf7 34.Qe3 Bd6
35.Rc1 Ne7 36.Re1 Ng6 37.Rh1 Nf4+ 38.Kf1 Rc8 39.Ne2 Nxe2 40.Qxe2 Rc3 41.
gxf6 Qxf6 42.Ng5 Rc1+ 43.Kg2 Rxh1 44.Kxh1 Qf4 45.Kg2 Qh2+ 46.Kf3 Qxh4 47.
Qxe6 Qf4+ 1/2-1/2

[Event "15th EUR-ch (w)"]
[Site "Plovdiv BUL"]
[Date "2014.07.11"]
[Round "6.15"]
[White "Milliet, Sophie"]
[Black "Sandu, Mihaela"]
[Result "1-0"]
[WhiteElo "2406"]
[BlackElo "2308"]
[EventDate "2014.07.06"]
[PlyCount "57"]

1.e4 c5 2.Nf3 d6 3.d4 cxd4 4.Qxd4 a6 5.h3 Nc6 6.Qe3 g6 7.c4 Bg7 8.Be2 Nf6 
9.O-O O-O 10.Nc3 Nd7 11.Rb1 Nde5 12.Rd1 Nxf3+ 13.Bxf3 Qa5 14.Bd2 Be6 15.b4
Qd8 16.Nd5 b5 17.c5 Ne5 18.Be2 Bxd5 19.exd5 dxc5 20.Bc3 Qc7 21.bxc5 Rac8 
22.c6 f6 23.a4 bxa4 24.Rb7 Qd8 25.Bb4 Re8 26.f4 a5 27.Bc5 Bh6 28.Qf2 Nf7 
29.Rd7 1-0

[Event "15th EUR-ch (w)"]
[Site "Plovdiv BUL"]
[Date "2014.07.11"]
[Round "6.16"]
[White "Guramishvili, Sopiko"]
[Black "Ptacnikova, Lenka"]
[Result "0-1"]
[WhiteElo "2402"]
[BlackElo "2310"]
[EventDate "2014.07.06"]
[PlyCount "98"]

1.d4 Nf6 2.c4 e6 3.Nc3 Bb4 4.e3 O-O 5.Ne2 d5 6.a3 Be7 7.cxd5 exd5 8.Nf4 c6
9.Bd3 Nbd7 10.O-O Re8 11.f3 Nf8 12.Bc2 Be6 13.e4 dxe4 14.fxe4 Bc4 15.Rf2 
c5 16.d5 Bd6 17.Be3 Qc7 18.Rc1 Ng6 19.g3 Ne5 20.h3 b6 21.Ng2 Ba6 22.Bg5 
Nfd7 23.b3 Ng6 24.Bf4 Be5 25.Bxe5 Ndxe5 26.Kh2 Rad8 27.Ne3 Bc8 28.Qf1 h5 
29.Kh1 Qe7 30.Nf5 Qf8 31.Bd1 c4 32.bxc4 Qxa3 33.Be2 a6 34.Nb1 Qc5 35.Nd2 
Ne7 36.Nb3 Nxf5 37.exf5 Qe3 38.Rb1 Qxg3 39.Nd2 b5 40.Rb3 Qh4 41.Rf4 Qg5 
42.Ne4 Qh6 43.cxb5 Bb7 44.Nc3 Rxd5 45.Kh2 Rd2 46.Rf2 Qe3 47.bxa6 Ba8 48.
Nb1 Nf3+ 49.Rxf3 Rxe2+ 0-1

[Event "15th EUR-ch (w)"]
[Site "Plovdiv BUL"]
[Date "2014.07.11"]
[Round "6.17"]
[White "Abdulla, Khayala"]
[Black "Zawadzka, Jolanta"]
[Result "1-0"]
[WhiteElo "2233"]
[BlackElo "2397"]
[EventDate "2014.07.06"]
[PlyCount "53"]

1.e4 e5 2.Nf3 Nc6 3.d4 exd4 4.Bc4 Nf6 5.O-O d5 6.exd5 Nxd5 7.Nxd4 Nxd4 8.
Qxd4 Be6 9.Re1 c6 10.Nc3 Nc7 11.Qe5 Qd6 12.Bf4 O-O-O 13.Qe3 Qb4 14.Bxc7 
Kxc7 15.Bxe6 fxe6 16.a3 Qh4 17.Qxa7 h5 18.Qa5+ Kb8 19.Re4 Qf6 20.Rxe6 Qxe6
21.Qxd8+ Ka7 22.Rd1 Qe5 23.a4 Ka6 24.Qa8+ Kb6 25.a5+ Qxa5 26.Na4+ Kb5 27.
Qxb7+ 1-0

[Event "15th EUR-ch (w)"]
[Site "Plovdiv BUL"]
[Date "2014.07.11"]
[Round "6.19"]
[White "Gaponenko, Inna"]
[Black "Golubenko, Valentina"]
[Result "1/2-1/2"]
[WhiteElo "2380"]
[BlackElo "2292"]
[EventDate "2014.07.06"]
[PlyCount "96"]

1.e4 e6 2.d4 d5 3.Nc3 Nf6 4.e5 Nfd7 5.f4 c5 6.Nf3 Nc6 7.Be3 a6 8.Qd2 b5 9.
a3 cxd4 10.Nxd4 Nxd4 11.Bxd4 Bc5 12.Bxc5 Nxc5 13.Qd4 Nd7 14.a4 bxa4 15.Bd3
Rb8 16.O-O Qb6 17.Qxb6 Nxb6 18.Rfb1 Bd7 19.Bxa6 O-O 20.b3 Ra8 21.Bb7 Ra7 
22.bxa4 Nxa4 23.Rb4 Rb8 24.Nxa4 h5 25.c4 dxc4 26.Rc1 Rxa4 27.Rxa4 Bxa4 28.
Rxc4 Rxb7 29.Rxa4 Kh7 30.h4 Kg6 31.Kh2 Kf5 32.Kh3 f6 33.exf6 gxf6 34.g3 e5
35.fxe5 fxe5 36.Kg2 Rb2+ 37.Kf3 Rb3+ 38.Kf2 Rd3 39.Rb4 Rd2+ 40.Ke3 Rg2 41.
Kf3 Ra2 42.Ke3 Ra3+ 43.Kf2 e4 44.Rb5+ Kg4 45.Rg5+ Kh3 46.Rxh5 Rf3+ 47.Ke2 
Kxg3 48.Rh8 Rf2+ 1/2-1/2

[Event "15th EUR-ch (w)"]
[Site "Plovdiv BUL"]
[Date "2014.07.11"]
[Round "6.20"]
[White "Schleining, Zoya"]
[Black "Galoian, Lilit"]
[Result "1/2-1/2"]
[WhiteElo "2376"]
[BlackElo "2277"]
[EventDate "2014.07.06"]
[PlyCount "67"]

1.Nf3 Nf6 2.d4 e6 3.c4 b6 4.e3 Bb7 5.Bd3 Bb4+ 6.Nbd2 O-O 7.O-O d5 8.a3 
Bxd2 9.Nxd2 c5 10.dxc5 bxc5 11.Qc2 Nbd7 12.b4 Ne5 13.Bb2 Nxd3 14.Qxd3 dxc4
15.Qxd8 Rfxd8 16.Nxc4 Bd5 17.Rfc1 cxb4 18.axb4 Rab8 19.Bd4 Rxb4 20.Ne5 Ne8
21.Rxa7 Rb7 22.Rxb7 Bxb7 23.f3 f6 24.Nc6 Rd7 25.Na5 e5 26.Bb6 Bd5 27.e4 
Be6 28.Nc6 h5 29.h4 Bb3 30.Rc3 Be6 31.Rc1 Bb3 32.Rc3 Be6 33.Rc1 Bb3 34.Rc3
1/2-1/2

[Event "15th EUR-ch (w)"]
[Site "Plovdiv BUL"]
[Date "2014.07.11"]
[Round "6.22"]
[White "Gvetadze, Sopio"]
[Black "Agrest, Inna"]
[Result "1-0"]
[WhiteElo "2356"]
[BlackElo "2223"]
[EventDate "2014.07.06"]
[PlyCount "61"]

1.Nf3 Nf6 2.c4 g6 3.g3 Bg7 4.Bg2 d6 5.O-O O-O 6.Nc3 Nbd7 7.d3 e5 8.e4 a5 
9.h3 Nc5 10.Be3 Ne6 11.d4 exd4 12.Nxd4 Re8 13.Re1 Nc5 14.Qc2 Bd7 15.Rad1 
Qc8 16.Kh2 Re5 17.Nf3 Rh5 18.Nh4 g5 19.Nd5 Qd8 20.Nf5 Ng4+ 21.Kg1 Nxe3 22.
Rxe3 Bxf5 23.exf5 c6 24.Ne7+ Kh8 25.f6 Bf8 26.g4 Rh6 27.Qf5 Ne6 28.Rxe6 
fxe6 29.Qxg5 Rg6 30.Nxg6+ hxg6 31.Qxg6 1-0

[Event "15th EUR-ch (w)"]
[Site "Plovdiv BUL"]
[Date "2014.07.11"]
[Round "6.23"]
[White "Belenkaya, Dina"]
[Black "Kursova, Maria"]
[Result "1/2-1/2"]
[WhiteElo "2223"]
[BlackElo "2331"]
[EventDate "2014.07.06"]
[PlyCount "86"]

1.e4 c5 2.Nf3 e6 3.c3 Nf6 4.e5 Nd5 5.d4 cxd4 6.cxd4 d6 7.Bc4 Nc6 8.O-O Be7
9.Qe2 O-O 10.Nc3 Nxc3 11.bxc3 dxe5 12.dxe5 Qa5 13.Bd2 Bd7 14.Rab1 Rab8 15.
Bd3 Rfd8 16.c4 Qc7 17.Qe4 g6 18.h4 Be8 19.Rfd1 Rd7 20.Bg5 Bxg5 21.hxg5 
Rbd8 22.Be2 Qa5 23.Rxd7 Rxd7 24.Rb2 Qa3 25.Qb1 b6 26.Rb3 Qa4 27.Nh2 Nd4 
28.Bf3 Nxb3 29.axb3 Qa3 30.Ng4 Kg7 31.Nf6 Rd8 32.Kh2 Rc8 33.Bb7 Rb8 34.Qe4
Qc1 35.Qd4 Qxg5 36.Qd6 Rxb7 37.Nxe8+ Kg8 38.Nf6+ Kg7 39.Ne8+ Kg8 40.Nf6+ 
Kg7 41.Ne8+ Kg8 42.Nf6+ Kg7 43.Kh3 Qf4 1/2-1/2

[Event "15th EUR-ch (w)"]
[Site "Plovdiv BUL"]
[Date "2014.07.11"]
[Round "6.24"]
[White "Daulyte, Deimante"]
[Black "Mammadzada, Gunay"]
[Result "0-1"]
[WhiteElo "2405"]
[BlackElo "2182"]
[EventDate "2014.07.06"]
[PlyCount "86"]

1.e4 c5 2.Nc3 d6 3.f4 g6 4.Nf3 Bg7 5.Bb5+ Bd7 6.Bc4 Nc6 7.O-O Na5 8.Be2 
Nf6 9.d3 O-O 10.Qe1 Nc6 11.Qh4 Nd4 12.Bd1 Bg4 13.Rf2 b5 14.f5 d5 15.Bg5 
Bxf3 16.Bxf3 Nxf3+ 17.gxf3 b4 18.Ne2 Qd6 19.Bf4 e5 20.Be3 Rac8 21.Rd1 Qa6 
22.Bg5 Rc6 23.Nc1 c4 24.d4 Nd7 25.dxe5 Nxe5 26.Rxd5 gxf5 27.exf5 Rd6 28.
Rxd6 Qxd6 29.f6 Ng6 30.fxg7 Nxh4 31.gxf8=Q+ Kxf8 32.Bxh4 Qf4 33.Ne2 Qxh4 
34.c3 a5 35.Rf1 Qg5+ 36.Ng3 Qe3+ 37.Rf2 bxc3 38.bxc3 Qxc3 39.Ne4 Qc1+ 40.
Kg2 c3 41.Nxc3 Qxc3 42.Re2 Kg7 43.a4 f5 0-1

[Event "15th EUR-ch (w)"]
[Site "Plovdiv BUL"]
[Date "2014.07.11"]
[Round "6.25"]
[White "Foisor, Mihaela-Veronica"]
[Black "Peptan, Corina-Isabela"]
[Result "1-0"]
[WhiteElo "2257"]
[BlackElo "2453"]
[EventDate "2014.07.06"]
[PlyCount "115"]

1.d4 d5 2.c4 dxc4 3.Nf3 Nf6 4.Nc3 a6 5.a4 Nc6 6.e4 Bg4 7.Be3 e5 8.dxe5 
Qxd1+ 9.Rxd1 Bxf3 10.gxf3 Nxe5 11.f4 Nd3+ 12.Bxd3 cxd3 13.Rxd3 Bb4 14.Ke2 
c6 15.e5 Bxc3 16.bxc3 Nd7 17.Rhd1 O-O-O 18.a5 Rhe8 19.Kf3 g6 20.c4 Nf8 21.
Rxd8+ Rxd8 22.Rxd8+ Kxd8 23.f5 Nd7 24.Ke4 Ke7 25.f4 Ke8 26.h3 Ke7 27.Bf2 
Ke8 28.Be3 Nf8 29.Bc5 Nd7 30.Bf2 Nf8 31.Be3 Nd7 32.fxg6 hxg6 33.f5 Ke7 34.
h4 Kf8 35.fxg6 fxg6 36.e6 Nf6+ 37.Kd4 Ke8 38.Bg5 Ng4 39.Ke4 Nf2+ 40.Ke3 
Nd1+ 41.Kd4 Nf2 42.Kc5 Ne4+ 43.Kb6 Nd6 44.c5 Nc4+ 45.Kxb7 Nxa5+ 46.Kxa6 
Nb3 47.Kb6 Nd4 48.Kc7 Nxe6+ 49.Kxc6 Nd4+ 50.Kd5 Nb5 51.c6 Na7 52.Kd6 Nb5+ 
53.Kc5 Nc7 54.Kb6 Ne6 55.Kb7 Nc5+ 56.Ka7 Ne4 57.Kb8 Nd6 58.Bf4 1-0

[Event "15th EUR-ch (w)"]
[Site "Plovdiv BUL"]
[Date "2014.07.11"]
[Round "6.26"]
[White "Ibrahimova, Sabina"]
[Black "Guseva, Marina"]
[Result "0-1"]
[WhiteElo "2218"]
[BlackElo "2362"]
[EventDate "2014.07.06"]
[PlyCount "76"]

1.e4 c6 2.d4 d5 3.Nc3 dxe4 4.Nxe4 Bf5 5.Ng3 Bg6 6.Nh3 Nf6 7.Bc4 e6 8.O-O 
Nbd7 9.f4 Nb6 10.Bb3 Qd7 11.Ng5 Be7 12.Nf3 Rd8 13.Qe2 O-O 14.c3 c5 15.Ne5 
Qc7 16.dxc5 Bxc5+ 17.Kh1 Bd6 18.Nxg6 hxg6 19.Bd2 a5 20.a4 Nbd5 21.Qf3 Qb6 
22.Bxd5 Nxd5 23.Ne4 Be7 24.Rac1 Nf6 25.Be3 Qxb2 26.Nc5 Rd5 27.Rb1 Qa2 28.
Nxb7 Qxa4 29.Bd4 Qc4 30.Ra1 a4 31.Rfd1 Rb8 32.Rab1 Ra8 33.Ra1 a3 34.Bxf6 
Bxf6 35.Rdc1 Ra7 36.Rab1 a2 37.Nd6 axb1=Q 38.Rxb1 Rxd6 0-1

[Event "15th EUR-ch (w)"]
[Site "Plovdiv BUL"]
[Date "2014.07.11"]
[Round "6.27"]
[White "Stiazhkina, Olga"]
[Black "Bulmaga, Irina"]
[Result "0-1"]
[WhiteElo "2177"]
[BlackElo "2357"]
[EventDate "2014.07.06"]
[PlyCount "74"]

1.e4 c5 2.Nc3 d6 3.f4 Nc6 4.Nf3 g6 5.d3 Bg7 6.g3 e6 7.Bg2 Nge7 8.O-O O-O 
9.Be3 Rb8 10.Qd2 b5 11.a3 a5 12.Nd1 Qb6 13.h3 Nd4 14.Qf2 Nxf3+ 15.Bxf3 b4 
16.axb4 axb4 17.g4 Ba6 18.Qh4 Rbe8 19.Be2 f5 20.Qf2 Bb7 21.Bf3 Ra8 22.Rb1 
Ra2 23.Kh1 Qc7 24.b3 d5 25.exf5 d4 26.Bc1 exf5 27.Qg2 Bxf3 28.Rxf3 Nd5 29.
Rf1 Qd6 30.g5 Re8 31.Qf2 Qe6 32.Qg2 Nc3 33.Nxc3 dxc3 34.h4 Bd4 35.h5 Qe2 
36.hxg6 hxg6 37.Qh3 Re7 0-1

[Event "15th EUR-ch (w)"]
[Site "Plovdiv BUL"]
[Date "2014.07.11"]
[Round "6.28"]
[White "Cosma, Elena-Luminita"]
[Black "Olsarova, Tereza"]
[Result "1/2-1/2"]
[WhiteElo "2344"]
[BlackElo "2251"]
[EventDate "2014.07.06"]
[PlyCount "69"]

1.Nf3 d5 2.g3 c6 3.Bg2 Bf5 4.O-O e6 5.d4 Nf6 6.Nbd2 h6 7.c4 Be7 8.b3 O-O 
9.Bb2 a5 10.Ne5 a4 11.Bc3 a3 12.Re1 Na6 13.e4 Bh7 14.exd5 cxd5 15.c5 Nd7 
16.Ndf3 Nf6 17.Nd2 Nd7 18.Nxd7 Qxd7 19.Nf3 Bf6 20.Rc1 Rfc8 21.Bf1 Nc7 22.
Qe2 Rab8 23.Bb4 Ra8 24.Bc3 Rab8 25.Bb4 Ra8 26.Red1 Rcb8 27.Bd2 b6 28.Bf4 
bxc5 29.Rxc5 Rb7 30.Rdc1 Ne8 31.Ne5 Qd8 32.Nc6 Qd7 33.Ne5 Qd8 34.Nc6 Qd7 
35.Ne5 1/2-1/2

[Event "15th EUR-ch (w)"]
[Site "Plovdiv BUL"]
[Date "2014.07.11"]
[Round "6.29"]
[White "Mamedyarova, Turkan"]
[Black "Kulon, Klaudia"]
[Result "1-0"]
[WhiteElo "2205"]
[BlackElo "2341"]
[EventDate "2014.07.06"]
[PlyCount "93"]

1.e4 c5 2.Nc3 Nc6 3.g3 g6 4.Bg2 Bg7 5.d3 Rb8 6.Be3 b5 7.Qd2 b4 8.Nd1 d6 9.
Ne2 Qc7 10.O-O Ba6 11.Nc1 c4 12.Rb1 cxd3 13.cxd3 Nd4 14.Bxd4 Bxd4 15.Nb3 
Bg7 16.Ne3 e6 17.Rfc1 Qd8 18.Nc4 Ne7 19.Nca5 O-O 20.d4 Rb5 21.Nc4 Bb7 22.
a4 bxa3 23.bxa3 d5 24.Nca5 Ba8 25.e5 f6 26.a4 Rb6 27.Nc5 Kf7 28.Bh3 Nf5 
29.Bxf5 gxf5 30.Nab7 Bxb7 31.Nxb7 Qd7 32.Nc5 Qe8 33.exf6 Bxf6 34.a5 Rxb1 
35.Rxb1 Kg6 36.Re1 Qb5 37.Nxe6 Re8 38.Nf4+ Kf7 39.Rc1 a6 40.Kg2 Be7 41.Qd1
Kg8 42.Qh5 Rf8 43.Ne6 Qe8 44.Qf3 Rf7 45.Qxd5 h6 46.Rc6 Kh7 47.Rxa6 1-0

[Event "15th EUR-ch (w)"]
[Site "Plovdiv BUL"]
[Date "2014.07.11"]
[Round "6.30"]
[White "Mareckova, Martina"]
[Black "Ovod, Evgenia"]
[Result "0-1"]
[WhiteElo "2094"]
[BlackElo "2330"]
[EventDate "2014.07.06"]
[PlyCount "114"]

1.e4 e6 2.d3 d5 3.Qe2 Nf6 4.Nd2 c5 5.Ngf3 Nc6 6.exd5 Qxd5 7.Ne4 b6 8.g3 
Ba6 9.Nxf6+ gxf6 10.Bg2 Nd4 11.Nxd4 Qxg2 12.Qf3 Qxf3 13.Nxf3 O-O-O 14.b3 
h5 15.Bb2 e5 16.O-O Bd6 17.Rfe1 Rdg8 18.Nh4 Kc7 19.Nf5 Bf8 20.Nh4 Bc8 21.
Re4 Bd6 22.Rae1 Kc6 23.R4e2 b5 24.c4 a6 25.f3 Bc7 26.Kf2 Rd8 27.Rd1 Rhe8 
28.Bc3 f5 29.Ng2 f6 30.Red2 Be6 31.Re1 Rd7 32.f4 Bg8 33.fxe5 fxe5 34.Nf4 
Bf7 35.Nh3 Bg6 36.Ng5 b4 37.Bb2 e4 38.Bc1 Be5 39.dxe4 Bd4+ 40.Kg2 fxe4 41.
Rde2 e3 42.Nh3 Be4+ 43.Kg1 Bf3 44.Nf4 h4 45.Rxe3 hxg3 46.hxg3 Bxe3+ 47.
Rxe3 Rd1+ 48.Kf2 Be4 49.Bb2 Rd2+ 50.Re2 Rxe2+ 51.Nxe2 Bb1 52.g4 Bxa2 53.
Nc1 Bb1 54.g5 Bc2 55.Kf3 a5 56.Kg4 Re1 57.Kh5 Rxc1 0-1

[Event "15th EUR-ch (w)"]
[Site "Plovdiv BUL"]
[Date "2014.07.11"]
[Round "6.31"]
[White "Vasilevich, Irina"]
[Black "Mirzoeva, Elmira"]
[Result "1-0"]
[WhiteElo "2328"]
[BlackElo "2241"]
[EventDate "2014.07.06"]
[PlyCount "85"]

1.e4 c6 2.d4 d5 3.Nd2 dxe4 4.Nxe4 Bf5 5.Ng3 Bg6 6.Nh3 e6 7.Nf4 Bd6 8.c3 
Nf6 9.h4 Bxf4 10.Bxf4 h6 11.h5 Bh7 12.Bd3 Bxd3 13.Qxd3 O-O 14.O-O-O Qa5 
15.Kb1 Nbd7 16.Bd6 Rfd8 17.f4 Ng4 18.Qe2 Ndf6 19.Ba3 Qb5 20.c4 Qa4 21.Rh4 
b5 22.Rxg4 Nxg4 23.Qxg4 Qxc4 24.f5 Qd5 25.Be7 Kh8 26.f6 Rg8 27.fxg7+ Rxg7 
28.Bf6 Rg8 29.Qf4 Kh7 30.Bxg7 Rxg7 31.Ne4 Qf5 32.Qxf5+ exf5 33.Nf6+ Kh8 
34.d5 cxd5 35.Rxd5 Rg5 36.Rxb5 Kg7 37.Ne8+ Kf8 38.Nd6 Rxh5 39.Rxf5 Rh1+ 
40.Kc2 Ke7 41.Nxf7 Rh2 42.Rf2 h5 43.Ne5 1-0

[Event "15th EUR-ch (w)"]
[Site "Plovdiv BUL"]
[Date "2014.07.11"]
[Round "6.32"]
[White "Videnova, Iva"]
[Black "Havlikova, Kristyna"]
[Result "1-0"]
[WhiteElo "2315"]
[BlackElo "2229"]
[EventDate "2014.07.06"]
[PlyCount "69"]

1.e4 c5 2.Nf3 Nc6 3.d4 cxd4 4.Nxd4 g6 5.Nc3 Bg7 6.Be3 Nf6 7.Bc4 Qa5 8.O-O 
O-O 9.Nb3 Qc7 10.f4 d6 11.Be2 Rd8 12.Bf3 e5 13.f5 gxf5 14.Bg5 Ne7 15.exf5 
Bxf5 16.Bxf6 Bxf6 17.Nd5 Nxd5 18.Bxd5 Bxc2 19.Qg4+ Bg7 20.Rxf7 Qxf7 21.
Bxf7+ Kxf7 22.Qc4+ d5 23.Qxc2 Kg8 24.Qf5 Rac8 25.Rd1 Rc6 26.g3 b6 27.Qg5 
Rd7 28.Rc1 Rxc1+ 29.Qxc1 Kf7 30.Qg5 h6 31.Qf5+ Ke8 32.a4 e4 33.Qe6+ Kd8 
34.a5 Kc7 35.Kg2 1-0

[Event "15th EUR-ch (w)"]
[Site "Plovdiv BUL"]
[Date "2014.07.11"]
[Round "6.33"]
[White "Petrukhina, Irina"]
[Black "Yildiz, Betul Cemre"]
[Result "0-1"]
[WhiteElo "2156"]
[BlackElo "2312"]
[EventDate "2014.07.06"]
[PlyCount "66"]

1.d4 Nf6 2.c4 e6 3.Nf3 b6 4.g3 Bb4+ 5.Bd2 a5 6.Bg2 Bb7 7.O-O O-O 8.Bg5 Be7
9.Qc2 Be4 10.Qc1 h6 11.Bxf6 Bxf6 12.Nc3 Bb7 13.e4 d6 14.Rd1 Nd7 15.Qc2 Qc8
16.a3 Ba6 17.b4 Bxc4 18.b5 e5 19.dxe5 Nxe5 20.Nxe5 dxe5 21.Nd5 Bxd5 22.
Rxd5 Be7 23.Rxe5 Bf6 24.Qc3 c5 25.bxc6 Bxe5 26.Qxe5 Qxc6 27.Rb1 Rab8 28.h4
b5 29.Qf4 Qc3 30.e5 b4 31.Be4 Rb5 32.a4 Rxe5 33.Rc1 Rxe4 0-1

[Event "15th EUR-ch (w)"]
[Site "Plovdiv BUL"]
[Date "2014.07.11"]
[Round "6.34"]
[White "Ambartsumova, Karina"]
[Black "Petrenko, Svetlana"]
[Result "1-0"]
[WhiteElo "2301"]
[BlackElo "2183"]
[EventDate "2014.07.06"]
[PlyCount "55"]

1.e4 c5 2.Nf3 e6 3.d4 cxd4 4.Nxd4 a6 5.Bd3 b5 6.a4 b4 7.Nd2 Nc6 8.Nxc6 
dxc6 9.O-O e5 10.Nc4 f6 11.f4 exf4 12.Bxf4 Be6 13.Qe2 a5 14.e5 f5 15.Rad1 
Qh4 16.Nd6+ Bxd6 17.exd6 Kd7 18.Rde1 Qf6 19.Be5 Qg6 20.Bxg7 Nh6 21.Bxh8 
Rxh8 22.Qe5 Rg8 23.Qxe6+ Qxe6 24.Rxe6 Kxe6 25.Bc4+ Kxd6 26.Bxg8 Nxg8 27.
Rxf5 c5 28.Kf2 1-0

[Event "15th EUR-ch (w)"]
[Site "Plovdiv BUL"]
[Date "2014.07.11"]
[Round "6.35"]
[White "Olsarova, Karolina"]
[Black "Kazimova, Narmin"]
[Result "0-1"]
[WhiteElo "2274"]
[BlackElo "2180"]
[EventDate "2014.07.06"]
[PlyCount "76"]

1.e4 e5 2.Nf3 Nc6 3.Bb5 a6 4.Ba4 d6 5.c3 Bd7 6.d4 g6 7.O-O Bg7 8.Bg5 f6 9.
Be3 Nh6 10.h3 Nf7 11.Re1 O-O 12.Nbd2 Kh8 13.Nf1 Qe8 14.Bc2 Ncd8 15.Ng3 Ne6
16.Qd2 Qe7 17.Nh2 Rad8 18.Rad1 c5 19.d5 Nf4 20.a4 Bh6 21.h4 Rb8 22.Ra1 Qd8
23.Qd1 Qc8 24.Kh1 Rg8 25.c4 g5 26.h5 g4 27.Ra3 Qe8 28.Qc1 Bg5 29.f3 Nh6 
30.fxg4 Nxg4 31.Bd2 Nxh5 32.Kg1 Nxh2 33.Kxh2 Bxd2 34.Qxd2 Nxg3 35.Rxg3 
Qh5+ 36.Rh3 Bxh3 37.gxh3 Qh4 38.Qe3 Rg6 0-1

[Event "15th EUR-ch (w)"]
[Site "Plovdiv BUL"]
[Date "2014.07.11"]
[Round "6.36"]
[White "Nevioselaya, Maria"]
[Black "Manakova, Maria"]
[Result "0-1"]
[WhiteElo "2039"]
[BlackElo "2273"]
[EventDate "2014.07.06"]
[PlyCount "98"]

1.e4 e6 2.d4 d5 3.Nc3 Nf6 4.e5 Nfd7 5.Nf3 c5 6.dxc5 Nc6 7.Bf4 Be7 8.a3 g5 
9.Bg3 h5 10.h3 Nxc5 11.b4 Nd7 12.Qd3 a6 13.Rd1 Nxb4 14.axb4 Bxb4 15.Nd2 
Nc5 16.Qd4 Qa5 17.Ncb1 Ne4 18.Bd3 Bc5 19.Qb2 h4 20.Bxe4 hxg3 21.Bd3 Bxf2+ 
22.Kf1 Ba7 23.Nf3 Qc5 24.c3 g4 25.Nd4 b5 26.Be2 Rh5 27.Bxg4 Rxe5 28.Qb4 
Qc7 29.Nd2 Re3 30.Rc1 Qf4+ 31.Bf3 Rxf3+ 32.N2xf3 Qxc1+ 33.Ke2 Qf4 34.Re1 
Bd7 35.Kf1 Qc7 36.Qb2 O-O-O 37.Ra1 Kb7 38.Qa3 Qb6 39.Qe7 Qc7 40.Ne5 Bc5 
41.Qf6 Be8 42.Ne2 Be7 43.Qg7 Bd6 44.Nf3 f5 45.Qf6 Bd7 46.h4 Rf8 47.Qg5 f4 
48.h5 e5 49.Ne1 Bf5 0-1

[Event "15th EUR-ch (w)"]
[Site "Plovdiv BUL"]
[Date "2014.07.11"]
[Round "6.37"]
[White "Khalafova, Narmin"]
[Black "Ohme, Melanie"]
[Result "1/2-1/2"]
[WhiteElo "2191"]
[BlackElo "2352"]
[EventDate "2014.07.06"]
[PlyCount "91"]

1.e4 c5 2.Nf3 d6 3.d4 cxd4 4.Nxd4 Nf6 5.Nc3 Nc6 6.h3 g6 7.Be3 Bg7 8.g4 O-O
9.Bg2 Nd7 10.Qd2 Nde5 11.b3 Bd7 12.Nde2 Be8 13.Bh6 Bxh6 14.Qxh6 f6 15.Qe3 
Rc8 16.f4 Nf7 17.h4 Qa5 18.g5 Bd7 19.O-O fxg5 20.hxg5 Nb4 21.Rac1 e6 22.a4
Rc7 23.Rf3 Rfc8 24.Bh3 Qc5 25.Qxc5 Rxc5 26.Kf2 a6 27.Bg4 R8c7 28.Rh3 e5 
29.Bxd7 Rxd7 30.Rch1 exf4 31.Rxh7 Rxg5 32.Nxf4 Re5 33.Ncd5 Nxd5 34.exd5 
Rc7 35.c4 Rf5 36.Ke3 Re5+ 37.Kd4 Re4+ 38.Kxe4 Ng5+ 39.Kd3 Rxh7 40.Rxh7 
Kxh7 41.a5 Kg7 42.Kd4 Nf3+ 43.Ke3 Ng5 44.Kd4 Nf3+ 45.Ke3 Ng5 46.Kd4 
1/2-1/2

[Event "15th EUR-ch (w)"]
[Site "Plovdiv BUL"]
[Date "2014.07.11"]
[Round "6.39"]
[White "Blagojevic, Tijana"]
[Black "Shadrina, Tatiana"]
[Result "0-1"]
[WhiteElo "2154"]
[BlackElo "2348"]
[EventDate "2014.07.06"]
[PlyCount "88"]

1.e4 c5 2.Nf3 d6 3.Bb5+ Nd7 4.d4 cxd4 5.Qxd4 a6 6.Bxd7+ Bxd7 7.Nc3 e5 8.
Qd3 h6 9.Nd2 Rc8 10.Nc4 Qc7 11.Ne3 Nf6 12.O-O Be7 13.Rd1 Be6 14.a4 O-O 15.
Qe2 Qc5 16.Rd3 Rfe8 17.Qf3 b5 18.axb5 axb5 19.Ra5 Rb8 20.Nf5 Bxf5 21.Qxf5 
g6 22.Rg3 Kh7 23.Qf3 Kg7 24.Rh3 h5 25.Be3 Qb4 26.Ra1 Ra8 27.Rb1 Qc4 28.Bg5
Ng4 29.Bxe7 Rxe7 30.Qd3 Qc5 31.Rf3 b4 32.Nd5 Rea7 33.h3 Ra1 34.Qd1 Rxb1 
35.Qxb1 Qxc2 36.Qe1 Qxb2 37.hxg4 Ra1 38.Qxa1 Qxa1+ 39.Kh2 hxg4 40.Rb3 Qa2 
41.Rxb4 Qxf2 42.Rb3 Qh4+ 43.Kg1 Qe1+ 44.Kh2 Qxe4 0-1

[Event "15th EUR-ch (w)"]
[Site "Plovdiv BUL"]
[Date "2014.07.11"]
[Round "6.41"]
[White "Kouvatsou, Maria"]
[Black "Fuchs, Judith"]
[Result "0-1"]
[WhiteElo "2152"]
[BlackElo "2280"]
[EventDate "2014.07.06"]
[PlyCount "72"]

1.e4 c6 2.d4 d5 3.exd5 cxd5 4.c4 Nf6 5.Nc3 Nc6 6.Bg5 dxc4 7.Bxc4 h6 8.Be3 
e6 9.Nf3 Bd6 10.O-O O-O 11.Qd2 b6 12.a3 Bb7 13.Ba2 Ne7 14.Qe2 Rc8 15.Rad1 
Ned5 16.Nxd5 Nxd5 17.Ne5 Qh4 18.Bb1 Nxe3 19.fxe3 Bxe5 20.dxe5 Bd5 21.Qd3 
g6 22.Rf2 Qg5 23.e4 Bc4 24.Qf3 Qxe5 25.Rd7 Rc7 26.Rxc7 Qxc7 27.Rc2 Qc5+ 
28.Kh1 Qd4 29.b3 Bxb3 30.Rc1 Qb2 31.Rf1 Bc4 32.Bd3 b5 33.h4 Qxa3 34.Rd1 h5
35.e5 Bxd3 36.Rxd3 Qa1+ 0-1